|
|
|
|
| LEADER |
00000cam a2200000 7i4500 |
| 001 |
0000059195 |
| 005 |
20020730.0 |
| 020 |
|
|
|a 0749435208
|
| 090 |
0 |
0 |
|a 371.334
|b ONL
|
| 245 |
0 |
0 |
|a Online learning and teaching with technology :
|b case studies, experience and practice
|
| 260 |
|
|
|a London :
|b Kogan Page Ltd. ,
|c 2001
|
| 300 |
|
|
|a 178p. ;
|c 22cm.
|
| 650 |
0 |
0 |
|a Education, Higher
|
| 650 |
0 |
0 |
|a Educational technology
|
| 650 |
0 |
0 |
|a Internet in education
|
| 700 |
1 |
|
|a Murphy, David
|
| 700 |
1 |
|
|a Walker, Rob
|
| 700 |
1 |
|
|a Webb, Graham
|
| 999 |
|
|
|a 142521
|b BUKU
|c RUJUKAN
|e PERPUSTAKAAN KOMUNITI PETALING JAYA
|